Ingenuity in mathematics /
Guardado en:
| Autor Principal: | |
|---|---|
| Formato: | Libro |
| Idioma: | English |
| Publicado: |
Washington :
Mathematical Association of America,
c1970.
|
| Series: | New mathematical library ;
23 |
| Materias: | |
| Etiquetas: |
Agregar Etiqueta
Sin Etiquetas, Sea el primero en etiquetar este registro!
|
| LEADER | 00795nam a2200229 a 4500 | ||
|---|---|---|---|
| 001 | MAT.inmabb002857 | ||
| 008 | 710806s1970####dcua#####b####000#0#eng## | ||
| 005 | 20151112155116.0 | ||
| 245 | 1 | 0 | |a Ingenuity in mathematics / |c by Ross Honsberger. |
| 260 | |a Washington : |b Mathematical Association of America, |c c1970. | ||
| 300 | |a vii, 204 p. : |b il. ; |c 23 cm. | ||
| 440 | 0 | |a New mathematical library ; |v 23 | |
| 500 | |a Contiene 19 ensayos breves sobre matemática elemental. | ||
| 504 | |a Bibliografía: p. 203-204. | ||
| 020 | |a 0883856239 | ||
| 020 | |a 0394709233 (Random House) | ||
| 100 | 1 | |a Honsberger, Ross, |d 1929- | |
| 650 | 0 | |a Mathematics |x Addresses, essays, lectures. | |
| 084 | |a 00A05 |2 msc2000 | ||
| 010 | |a 77134351 | ||
| 040 | |a DLC |c DLC |d DLC | ||
| 859 | |h 00A05 |i H774i |p A-5448 |b BIB. MATEMATICA | ||
